000 00459nam a2200157Ia 4500
008 240729s9999 xx 000 0 und d
022 _a2330-4014
245 0 _aErgo, An Open Access Journal of Philosophy
260 _aUnited States
260 _bMichigan Publishing
650 _a Philosophy (General)
650 _aPhilosophy. Psychology. Religion
856 _uhttps://doaj.org/toc/4ab9c48b0fea49f99c75ab0b3f4d2251
942 _2ddc
942 _cDOAJEJ
999 _c70506
_d70506
945 _a1
_bMadushi Gamage
_c1
_dMadushi Gamage